Karl Marx y Max Weber, científicos sociales / (Registro nro. 175240)
[ vista simple ]
| 000 -CABECERA | |
|---|---|
| campo de control de longitud fija | 00940nam a22002897a 4500 |
| 005 - FECHA Y HORA DE LA ÚLTIMA TRANSACCIÓN | |
| campo de control | 20260222204751.0 |
| 008 - DATOS DE LONGITUD FIJA--INFORMACIÓN GENERAL | |
| campo de control de longitud fija | 260222b |||||||| |||| 00| 0 spa d |
| 040 ## - FUENTE DE LA CATALOGACIÓN | |
| Centro catalogador/agencia de origen | CO-BoESAP |
| Lengua de catalogación | spa |
| Centro/agencia transcriptor | CO-BoESAP |
| 100 1# - ENTRADA PRINCIPAL--NOMBRE DE PERSONA | |
| Nombre de persona | Roa Suárez, Hernando, |
| Fechas asociadas al nombre | 1939- |
| 9 (RLIN) | 119 |
| Término indicativo de función/relación | autor |
| 245 10 - MENCIÓN DE TÍTULO | |
| Título | Karl Marx y Max Weber, científicos sociales / |
| Mención de responsabilidad, etc. | Hernando Roa Suárez. |
| 300 ## - DESCRIPCIÓN FÍSICA | |
| Extensión | páginas 41- |
| 526 ## - NOTA DE INFORMACIÓN SOBRE EL PROGRAMA DE ESTUDIO | |
| Nombre del programa | 104436 - MAESTRÍA EN ADMINISTRACIÓN PÚBLICA - A distancia |
| 526 ## - NOTA DE INFORMACIÓN SOBRE EL PROGRAMA DE ESTUDIO | |
| Nombre del programa | 1697 - ADMINISTRACIÓN PÚBLICA TERRITORIAL - A distancia |
| 526 ## - NOTA DE INFORMACIÓN SOBRE EL PROGRAMA DE ESTUDIO | |
| Nombre del programa | 19790 - MAESTRÍA EN ADMINISTRACIÓN PÚBLICA - Presencial |
| 526 ## - NOTA DE INFORMACIÓN SOBRE EL PROGRAMA DE ESTUDIO | |
| Nombre del programa | 51868 - ADMINISTRACIÓN PÚBLICA - Presencial |
| 526 ## - NOTA DE INFORMACIÓN SOBRE EL PROGRAMA DE ESTUDIO | |
| Nombre del programa | 102619 - ESPECIALIZACIÓN EN GESTIÓN PÚBLICA - Virtual |
| 526 ## - NOTA DE INFORMACIÓN SOBRE EL PROGRAMA DE ESTUDIO | |
| Nombre del programa | 5144 - ESPECIALIZACIÓN EN ALTA DIRECCIÓN DEL ESTADO - Presencial |
| 600 14 - PUNTO DE ACCESO ADICIONAL DE MATERIA--NOMBRE DE PERSONA | |
| Nombre de persona | Marx, Karl, |
| Fechas asociadas al nombre | 1818-1883 |
| 9 (RLIN) | 1050 |
| Subdivisión general | Crítica e interpretación |
| 600 24 - PUNTO DE ACCESO ADICIONAL DE MATERIA--NOMBRE DE PERSONA | |
| Nombre de persona | Weber, Max, |
| Fechas asociadas al nombre | 1864-1920 |
| 9 (RLIN) | 1095 |
| Subdivisión general | Crítica e interpretación |
| 650 17 - PUNTO DE ACCESO ADICIONAL DE MATERIA--TÉRMINO DE MATERIA | |
| Término de materia o nombre geográfico como elemento de entrada | Ciencias sociales |
| 9 (RLIN) | 75 |
| Fuente del encabezamiento o término | LEMB |
| 650 27 - PUNTO DE ACCESO ADICIONAL DE MATERIA--TÉRMINO DE MATERIA | |
| Término de materia o nombre geográfico como elemento de entrada | Filosofía alemana |
| 9 (RLIN) | 761 |
| Fuente del encabezamiento o término | LEMB |
| 650 27 - PUNTO DE ACCESO ADICIONAL DE MATERIA--TÉRMINO DE MATERIA | |
| Término de materia o nombre geográfico como elemento de entrada | Socialismo |
| 9 (RLIN) | 1058 |
| Fuente del encabezamiento o término | LEMB |
| Subdivisión geográfica | Francia |
| 650 27 - PUNTO DE ACCESO ADICIONAL DE MATERIA--TÉRMINO DE MATERIA | |
| Término de materia o nombre geográfico como elemento de entrada | Economía política |
| 9 (RLIN) | 7875 |
| Fuente del encabezamiento o término | LEMB |
| 650 27 - PUNTO DE ACCESO ADICIONAL DE MATERIA--TÉRMINO DE MATERIA | |
| Término de materia o nombre geográfico como elemento de entrada | Economía marxista |
| 9 (RLIN) | 3689 |
| Fuente del encabezamiento o término | LEMB |
| 773 ## - ENLACE AL DOCUMENTO FUENTE/ENTRADA DE REGISTRO ANFITRIÓN | |
| Título | Temas políticos contemporáneos |
| 942 ## - ELEMENTOS DE PUNTO DE ACCESO ADICIONAL (KOHA) | |
| Fuente del sistema de clasificación o colocación | Clasificación Local |
| Tipo de ítem Koha | Capítulo de Libro |
No hay ítems disponibles.

